International law concerning the conduct of hostilities (Record no. 549609)

000 -LEADER
fixed length control field 00328nam a22001217a 4500
020 ## - INTERNATIONAL STANDARD BOOK NUMBER
International Standard Book Number 2881450148
082 ## - DEWEY DECIMAL CLASSIFICATION NUMBER
Classification number 940.54
Author Mark INT
-- D
245 ## - TITLE STATEMENT
Title International law concerning the conduct of hostilities
Statement of responsibility, etc. ICRC
260 ## - PUBLICATION, DISTRIBUTION, ETC.
Place of publication, distribution, etc. ICRC
Name of publisher, distributor, etc. ICRC
Date of publication, distribution, etc. c1996
300 ## - PHYSICAL DESCRIPTION
Extent P 214
Dimensions 18cm
526 ## - STUDY PROGRAM INFORMATION NOTE
Program name 0
Interest level 0
Reading level 0
Title point value 940_540000000000000_INT
942 ## - ADDED ENTRY ELEMENTS (KOHA)
Source of classification or shelving scheme
Koha item type Book
Holdings
Withdrawn status Lost status Source of classification or shelving scheme Damaged status Not for loan Permanent Location Current Location Date acquired Total Checkouts Full call number Barcode Date last seen Price effective from Koha item type
          Military College of Engineering (MCE) Military College of Engineering (MCE) 09/30/2014   940.54 INT MCE-34741 09/30/2014 09/30/2014 Book
© 2023 Central Library, National University of Sciences and Technology. All Rights Reserved.